[Event "CAN-ch U12"]
[Site "Ottawa"]
[Date "2007.07.06"]
[Round "7"]
[White "Marcotte, Neil"]
[Black "Godreau, Kieran"]
[Result "1-0"]
[WhiteElo "1230"]
[BlackElo "1090"]
[PlyCount "59"]
[EventDate "2007.07.03"]
[EventType "swiss"]
[EventRounds "7"]
[EventCountry "CAN"]
[SourceTitle "EXT 2022"]
[Source "ChessBase"]
[SourceDate "2021.10.06"]
[SourceVersion "1"]
[SourceVersionDate "2021.10.06"]
[SourceQuality "1"]

1. e4 e6 2. d4 d5 3. e5 Nc6 4. c3 Nge7 5. Nf3 Nf5 6. Be2 Be7 7. 0-0 Rf8 8. Nbd2 f6 9. exf6 Bxf6 10. Nb3 e5 11. Re1 Qe7 12. Bb5 Bd7 13. Bxc6 Bxc6 14. dxe5 0-0-0 15. exf6 Qxf6 16. Bg5 Qd6 17. Bxd8 Rxd8 18. Nbd4 Rf8 19. Nxc6 Qxc6 20. Qd2 Qd6 21. Re2 c5 22. Qe1 d4 23. Re8+ Qd8 24. Rxd8+ Rxd8 25. Qe6+ Rd7 26. Qxf5 Kc7 27. Qxc5+ Kb8 28. Re1 b6 29. Re8+ Kb7 30. Qc8# 1-0